000 00528nam a2200217Ia 4500
003 OSt
005 20221005130117.0
006 a|||||r|||| 00| 0
007 ta
008 221004b |||||||| |||| 00| 0 eng d
024 _a116775
037 _cTextual
040 _aCRL
_cCRL
_beng
041 _2eng
_aeng
100 _aJasuja Gur Charan Singh
_9637614
245 0 _aRachna Ram Banaye
260 _c1977
650 _aPUNJABI LITERATURE
942 _cTEXL
_2cc
999 _c1056134
_d1056134